The renter squeeze: minority and low-income renters feel pressures from housing book and weak labor market (Record no. 68646)

000 -LEADER
fixed length control field 00491pab a2200169 454500
008 - FIXED-LENGTH DATA ELEMENTS--GENERAL INFORMATION
fixed length control field 180718b2005 xxu||||| |||| 00| 0 eng d
100 ## - MAIN ENTRY--PERSONAL NAME
Personal name Loewentheil, Nathaniel
245 ## - TITLE STATEMENT
Title The renter squeeze: minority and low-income renters feel pressures from housing book and weak labor market
260 ## - PUBLICATION, DISTRIBUTION, ETC.
Date of publication, distribution, etc. 2005
300 ## - PHYSICAL DESCRIPTION
Extent p.755-69.
362 ## - DATES OF PUBLICATION AND/OR SEQUENTIAL DESIGNATION
Dates of publication and/or sequential designation Nov
650 ## - SUBJECT ADDED ENTRY--TOPICAL TERM
Topical term or geographic name entry element Housing
650 ## - SUBJECT ADDED ENTRY--TOPICAL TERM
Topical term or geographic name entry element Labour market
700 ## - ADDED ENTRY--PERSONAL NAME
Personal name Weller, Christian E.
773 ## - HOST ITEM ENTRY
Main entry heading Review of Policy Research
909 ## -
-- 68646
Holdings
Withdrawn status Lost status Damaged status Not for loan Permanent Location Current Location Date acquired Serial Enumeration / chronology Barcode Date last seen Price effective from Koha item type
        Indian Institute of Public Administration Indian Institute of Public Administration 2018-07-19 Volume no: 22, Issue no: 6 AR69102 2018-07-19 2018-07-19 Articles

Powered by Koha